Norwegian Words Similar to English - Statistics

General Stats
  • This quiz has been taken 159 times
  • The average score is 18 of 21
Answer Stats
Hint Answer % Correct
fisk fish
99%
sommer summer
99%
god good
97%
bok book
96%
brød bread
96%
katt cat
96%
kaffe coffee
95%
fot foot
94%
søndag Sunday
93%
drikke drink
92%
hus house
92%
søster sister
91%
rød red
88%
reinsdyr reindeer
88%
grønn green
85%
lunsj lunch
81%
datter daughter
78%
natt night
75%
potet potato
72%
sykkel bicycle
70%
båt boat
65%
No matching quizzes found
Score Distribution
Percent of People with Each Score
Percentile by Number Answered
Your Score History
You have not taken this quiz